Quiz sur la Manche - Statistiques

Statistiques générales
  • Ce quiz a été pris 566 fois
  • Le résultat moyen est 16 sur 20
Statistiques - réponses
Question Réponse % Correct
Numéro du département 50
99%
Région Normandie
99%
Sous-préfecture et plus grande ville Cherbourg-en-Cotentin
97%
Départements limitrophes Calvados
96%
Préfecture Saint-Lô
95%
Ile anglaise située à seulement 25 kilomètres de la Manche dont la capitale est Saint-Hélier. Jersey
92%
Premier site touristique de France (hors Île-de-France) situé à l'extrême sud ouest du département. Mont-Saint-Michel
90%
Orne
90%
Ille-et-Vilaine
88%
Station balnéaire parfois surnommée la Monaco du Nord pour son casino et ses hôtels de luxe Granville
82%
Gentilé Manchois / Manchots
79%
Autres sous-préfectures Avranches
76%
Mayenne
76%
Coutances
69%
Élément que Villedieu-les-Poêles a fourni à la cathédrale Notre-Dame de Paris Les cloches
69%
Couturier né dans la Manche à qui l'on doit une grande maison de haute couture et de parfumerie. Christian Dior
66%
Film avec Catherine Deneuve qui a grandement participé à la notoriété de la plus grande ville de la Manche. Les Parapluies de Cherbourg
58%
Celui de Racine est considéré comme le plus petit de France Port
51%
Considéré comme l'un des premiers départements agricoles et aquacoles de France, on trouve dans la Manche, la Blonde de Barfleur une espèce de ... . Moule
50%
Nombre d'habitants (arrondi à la dizaine de milliers d'habitants) 500 000 (496 883)
42%
Aucun quiz correspondant
Distribution des résultats
% des personnes avec chaque résultat
Percentile par nombre de réponses
Votre historique - résultats
Vous n’avez pas pris ce quiz